10 películas Shakespeare en el cine (Registro nro. 8275)

Detalles MARC
000 -CABECERA
Longitud fija campo de control 01717ngm a2200349 a 4500
005 - • FECHA Y HORA DE LA ÚLTIMA TRANSACCIÓN
Fecha y hora de la última transacción 20220317001836.0
008 - • CÓDIGOS DE INFORMACIÓN DE LONGITUD FIJA
Códigos de información de longitud fija 170410s2008 c g 000 0 s
041 ## - • CÓDIGO DE LENGUA
Código de lengua del texto/banda sonora o título independiente ENG
082 04 - • NÚMERO DE LA CLASIFICACIÓN DECIMAL DEWEY
Número de clasificación (R) 791.4361
Número del ítem D32
040 ## - FUENTE DE LA CATALOGACIÓN
Centro catalogador de origen CO-BoRNBP
Lengua de catalogación spa
Normas de descripción rda
Centro transcriptor CO-BoRNBP
245 00 - • TITULO PROPIAMENTE DICHO
Título 10 películas Shakespeare en el cine
Medio videodisco digital
250 ## - • MENCIÓN DE EDICIÓN
Mención de edición 1a. edición
264 ## - PRODUCCIÓN, PUBLICACIÓN , DISTRIBUCIÓN, FABRICACIÓN Y COPYRIGHT
Lugar de producción, publicación, distribución, fabricación Bogotá
Nombre del productor, editor, distribuidor, fabricante Ejd Movies
Fecha de de producción, publicación, distribución, fabricación o copyright 2008
300 ## - • DESCRIPCIÓN FÍSICA
Extensión 6 DVD (120 minutos cada uno)
Otras características físicas sonido, color
Dimensiones 12 cm
336 ## - TIPO DE CONTENIDO
Término de tipo de contenido texto
Código de tipo de contenido txt
Fuente rdacontent
337 ## - TIPO DE MEDIO
Nombre del tipo de medio sin mediación
Código del tipo de medio n
Fuente rdamedia
338 ## - TIPO DE SOPORTE
Nombre del tipo de soporte volumen
Código del tipo de soporte nc
Fuente rdacarrier
490 ## - • MENCIÓN DE SERIE
Mención de serie Cine club películas para coleccionistas
505 ## - • NOTA DE CONTENIDO CON FORMATO
Nota de contenido con formato DVD 1 La doma de la bravía / Franco Zeffirelli DVD 2 Hamlet / Oliver Lawrence DVD 3 Romeo y Julieta / Franco Zeffirelli ; Otelo / Orson Welles DVD 4 Enrique V / Oliver Lawrence ; Planeta prohibido / Fred M. Wilcox DVD 5 El rey Lear / Grigori Kozintsev ; Falstaff / Orson Welles DVD 6 Macbeth / Orson Welles ; Julio César / Joseph Mankiewicz
546 ## - • NOTA DEL IDIOMA
Nota de lengua Películas con subtítulos en español
650 14 - • PUNTO DE ACCESO ADICIONAL DE MATERIA - TÉRMINO DE MATERIA
Fuente del encabezamiento o término LEMB
Término de materia o nombre geográfico como elemento inicial Literatura clásica
Subdivisión de forma Adaptaciones cinematográficas
-- Videodiscos
Subdivisión cronológica Siglo XX
650 14 - • PUNTO DE ACCESO ADICIONAL DE MATERIA - TÉRMINO DE MATERIA
Fuente del encabezamiento o término LEMB
Término de materia o nombre geográfico como elemento inicial Películas cinematográficas
Subdivisión de forma Colecciones
-- Videodiscos
Subdivisión cronológica Siglo XX
650 14 - • PUNTO DE ACCESO ADICIONAL DE MATERIA - TÉRMINO DE MATERIA
Fuente del encabezamiento o término LEMB
Término de materia o nombre geográfico como elemento inicial Versiones cinematográficas
Subdivisión de forma Videodiscos
Subdivisión cronológica Siglo XX
650 14 - • PUNTO DE ACCESO ADICIONAL DE MATERIA - TÉRMINO DE MATERIA
Fuente del encabezamiento o término LEMB
Término de materia o nombre geográfico como elemento inicial Shakespeare, William
Subdivisión de forma Adaptaciones cinematográficas
-- Videodiscos
Subdivisión cronológica 1564-1616
700 1# - • PUNTO DE ACCESO ADICIONAL - NOMBRE DE PERSONA
Nombre de persona Zeffirelli, Franco
Fechas asociadas al nombre 1923-
700 1# - • PUNTO DE ACCESO ADICIONAL - NOMBRE DE PERSONA
Nombre de persona Laurence, Oliver
Fechas asociadas al nombre 1907-
700 1# - • PUNTO DE ACCESO ADICIONAL - NOMBRE DE PERSONA
Nombre de persona Wilcox, Fred M.
700 1# - • PUNTO DE ACCESO ADICIONAL - NOMBRE DE PERSONA
Nombre de persona Kozintsev, Grigori
Fechas asociadas al nombre 1905-1973
700 1# - • PUNTO DE ACCESO ADICIONAL - NOMBRE DE PERSONA
Nombre de persona Welles, Orson
Fechas asociadas al nombre 1915-1985
700 1# - • PUNTO DE ACCESO ADICIONAL - NOMBRE DE PERSONA
Nombre de persona Mankiewicz, Joseph Leo
Fechas asociadas al nombre 1909-1933
942 ## - ENTRADA DE ELEMENTOS AGREGADOS (KOHA)
Fuente de clasificaión o esquema Dewey Decimal Classification
Koha [por defecto] tipo de item DVD

No hay ítems disponibles.










Instituto Departamental de Cultura del Meta - Red Departamental de Bibliotecas Públicas del Meta.